| 000 | 00953nam a22002297a 4500 | ||
|---|---|---|---|
| 005 | 20260220095420.0 | ||
| 008 | 260220b |||||||| |||| 00| 0 eng d | ||
| 020 | _a9788179653210 (hbk) | ||
| 037 | _cTB | ||
| 040 |
_aCRL _cCRL |
||
| 041 |
_2hin _ahin |
||
| 084 |
_aNT44 152Q9 _qCRL |
||
| 100 | _aतनेजा, जयदेव | ||
| 245 | _aआधुनिक रंगकर्म का स्वर्ण - काल | ||
| 260 |
_aनई दिल्ली, भारत: _bतक्षशिला प्रकाशन, _c2019. |
||
| 300 | _a640पृ. | ||
| 365 |
_b1495.00 _cINR |
||
| 650 | _aललित कला | ||
| 650 | _aथिएटर | ||
| 942 |
_2CC _cTB _hNT44 152Q9 _n0 |
||
| 999 |
_c1680068 _d1680068 |
||